| 000 | 01113nam a2200301 i 4500 | ||
|---|---|---|---|
| 001 | bg | ||
| 111 | 2 |
_aDESDes'06 _n(3 ; _d2006 ; _cRydzyna). |
|
| 245 | 0 | 0 |
_aDiscrete-Event System Design 2006 : _ba proceedings volume from the 3rd IFAC Workshop on Discrete-Event System Design, DESDes'06 Rydzyna, Poland, 2628 September 2006 / _ced. by Marian Adamski [et al. ; Institute of Computer Science and Electronics University of Zielona Góra]. |
| 260 |
_aZielona Góra : _bUniversity of Zielona Góra Press, _c2006. |
||
| 300 |
_a330 s. : _brys., wykr. ; _c30 cm. |
||
| 500 | _aStreszcz. ang. przy ref. | ||
| 504 | _aBibliogr. przy ref. | ||
| 650 | 9 | _aUkłady cyfrowe | |
| 650 | 9 | _aSterowanie | |
| 650 | 9 | _aUkłady logiczne | |
| 650 | 9 |
_aSieci Petriego _xzagadnienia |
|
| 650 | 9 | _aAnaliza systemowa | |
| 650 | 9 | _aSymulacja | |
| 655 | _aMateriały konferencyjne | ||
| 700 | 1 |
_aADAMSKI, Marian. _eRed. |
|
| 020 | _a8389712156 | ||
| 040 | _cBPK | ||
| 041 | 0 | _aeng | |
| 080 | _a621.3.037:004.94:007.5:519.876.5](061) | ||
| 920 | _a83-89712-15-6 | ||
| 942 | _cKS | ||
| 008 | s pl f |000 0 pol | ||
| 999 |
_c53664 _d53664 |
||